| 000 | 00383nam a2200145Ia 4500 | ||
|---|---|---|---|
| 008 | 240624s9999 xx 000 0 und d | ||
| 041 | _aeng | ||
| 082 | _a332.6 RAG | ||
| 100 | _aRAGHUNATHAN V | ||
| 245 | _aSTOCK EXCHANGES INVESTMENTS AND DERIVATI | ||
| 250 | _a(3rd ed.) | ||
| 260 |
_c2014 _aNew Delhi _bTata McGraw- Hill |
||
| 300 | _axxvii,468 : p. : cm. ; 24 | ||
| 365 |
_cRS _b33 |
||
| 999 |
_c25441 _d25441 |
||